| 000 | 00597nam a2200193Ia 4500 | ||
|---|---|---|---|
| 003 | IN-BaIIA | ||
| 008 | 211028s9999 xx 000 0 eng d | ||
| 020 | _a978-1-4614-8156-0 | ||
| 040 | _cIIA Library | ||
| 080 |
_a52-77 _bARN |
||
| 100 |
_aArnold, Steven _936397 |
||
| 245 | 0 |
_aGetting started in radio astronomy _bbeginner projects for the amateur _cArnold, Steven |
|
| 260 |
_aNew York _bSpringer _c2014 |
||
| 300 | _axi, 208p. | ||
| 490 | _aThe Patrick Moore practical astronomy series | ||
| 650 |
_aRadio astronomy _92849 |
||
| 650 |
_aRadio astronomy - popular work _936398 |
||
| 942 | _cBK | ||
| 999 |
_c19059 _d19059 |
||